000 00768njm a2200277Ia 4500
001 64680
003 IT-RoPAU
005 20220918181132.0
008 131025s9999 xx 000 0 und d
040 _aIT-RoPAU
040 _cIT-RoPAU
041 _aFRANCESE
999 _c100660
_d100660
999 _bn.d.
100 _aLaurentin René
_923476
100 _eAutore testo
_923477
100 _gCodice autore testo SPICS: 15018
_923478
245 _aMarie dans la foi catholique. Sens pour la foi et la vie
250 _a1a ed.
260 _aPARIS
260 _bAPOSTOLAT DES EDITIONS
300 _aMUSICASSETTA
300 _c60 minuti (Testo: pag.)
500 _aParlato. Meditazione.
650 _aMEDITAZIONI [CASSETTE]
_eCodice MATERIA SPICS: 9951
_923479
942 _cMC
_2ddc